000 00485nam a22001577a 4500
003 OSt
005 20251030115021.0
008 251030b |||||||| |||| 00| 0 eng d
022 _20040-5639
100 _aBernhard Knorn, SJ
245 _aTheological Renewal after the Council of Trent? The Case of Jesuit Commentaries on the Summa Theologiae
260 _aUSA,
_bSages Publications;
_c2018
300 _aP.107-127
440 _aTheological Studies
_nNo.1
_vVol.79
942 _2lcc
_cART
999 _c204985
_d204945